[Event "Madrid ch Veteranos 2015-2016"]
[Site "Madrid ESP"]
[Date "2016.01.15"]
[Round "5.21"]
[White "Perez Cristobal, Alberto"]
[Black "Perez Cameselle, Francisco Jose"]
[Result "1/2-1/2"]
[WhiteElo "1612"]
[BlackElo "1917"]
[PlyCount "118"]
[EventDate "2016.01.11"]
[EventType "swiss"]
[EventRounds "9"]
[EventCountry "ESP"]
[Source "lmi"]
[SourceDate "2016.01.11"]

1. e4 c5 2. Nf3 d6 3. c3 Nf6 4. d3 g6 5. Be2 Bg7 6. O-O Nc6 7. Nbd2 O-O 8. Nc4
d5 9. exd5 Nxd5 10. Ne3 Nf4 11. Nc4 Nxe2+ 12. Qxe2 Bf5 13. Rd1 b5 14. Ne3 Bd7
15. c4 b4 16. Rb1 Qa5 17. b3 Rfe8 18. h3 Rad8 19. Nd5 e6 20. Ne3 Nd4 21. Nxd4
Bxd4 22. Ng4 h5 23. Ne5 Kg7 24. Nf3 e5 25. Qd2 Rh8 26. Nxd4 exd4 27. Re1 Rde8
28. Rxe8 Rxe8 29. a3 Qb6 30. axb4 cxb4 31. Bb2 Qd6 32. Re1 Rxe1+ 33. Qxe1 Bf5
34. Qe2 f6 35. g4 hxg4 36. hxg4 Bd7 37. Qe4 Bc6 38. Qxd4 Qe7 39. Qe3 Qxe3 40.
fxe3 Kf7 41. Kf2 Ke6 42. d4 Be4 43. d5+ Ke7 44. Bd4 a5 45. Bb6 Bc2 46. Bxa5
Bxb3 47. Bxb4+ Kd7 48. e4 Bxc4 49. Ke3 f5 50. Kd4 Be2 51. gxf5 gxf5 52. exf5
Bh5 53. Ke5 Bf7 54. d6 Bc4 55. Kf6 Bd3 56. Ke5 Bc2 57. f6 Bg6 58. Kf4 Ke6 59.
Kg4 Be8 1/2-1/2

[Event "Madrid ch Veteranos 2015-2016"]
[Site "Madrid ESP"]
[Date "2016.01.15"]
[Round "5.23"]
[White "Cortijo Manso, Luis"]
[Black "Losada Gonzalez, Andres"]
[Result "0-1"]
[WhiteElo "1508"]
[BlackElo "1789"]
[PlyCount "76"]
[EventDate "2016.01.11"]
[EventType "swiss"]
[EventRounds "9"]
[EventCountry "ESP"]
[Source "lmi"]
[SourceDate "2016.01.11"]

1. Nf3 f5 2. d4 Nf6 3. c4 e6 4. g3 Be7 5. Bg2 d5 6. b3 c6 7. Nc3 O-O 8. O-O Bd7
9. Qc2 Be8 10. Ng5 Qd7 11. Nf3 h6 12. Ne5 Qd8 13. e3 Nbd7 14. Ne2 Bd6 15. Nf4
Bf7 16. Neg6 Re8 17. c5 Bxf4 18. Nxf4 g5 19. Nd3 Bg6 20. b4 a6 21. Bd2 Qe7 22.
Qb2 Ne4 23. Bc1 g4 24. Nf4 Qf7 25. f3 gxf3 26. Bxf3 Ng5 27. Bg2 Nf6 28. Nxg6
Qxg6 29. Qe2 Re7 30. Bb2 h5 31. Rf4 Rh7 32. Rh4 Rh6 33. a4 Ngh7 34. Rf1 Nf8 35.
Qf3 Qh7 36. Qf4 Ng6 37. Qg5 Qg7 38. Rh3 Nh7 0-1

[Event "Madrid ch Veteranos 2015-2016"]
[Site "Madrid ESP"]
[Date "2016.01.15"]
[Round "5.24"]
[White "Pashov, Spas Nikolov"]
[Black "Perez Nuñez Castillo, Jose Antonio"]
[Result "1-0"]
[WhiteElo "1722"]
[BlackElo "1601"]
[PlyCount "43"]
[EventDate "2016.01.11"]
[EventType "swiss"]
[EventRounds "9"]
[EventCountry "ESP"]
[Source "lmi"]
[SourceDate "2016.01.11"]

1. e4 c6 2. d4 d5 3. exd5 cxd5 4. c4 Nf6 5. Nc3 Nc6 6. cxd5 Nxd5 7. Bb5 e6 8.
Nf3 Bd7 9. O-O Bd6 10. Nxd5 exd5 11. Re1+ Be7 12. Bg5 f6 13. Bf4 O-O 14. h3 Re8
15. a3 a6 16. Bd3 Rc8 17. Qb3 Na5 18. Qxd5+ Kh8 19. Qh5 f5 20. Ne5 Qb6 21. Nxd7
Qxd4 22. Bxf5 1-0

[Event "Madrid ch Veteranos 2015-2016"]
[Site "Madrid ESP"]
[Date "2016.01.15"]
[Round "5.25"]
[White "Corredor Gonzalez, Angel L"]
[Black "Veuthey Martinez, Eloy"]
[Result "1-0"]
[WhiteElo "1780"]
[BlackElo "1536"]
[PlyCount "87"]
[EventDate "2016.01.11"]
[EventType "swiss"]
[EventRounds "9"]
[EventCountry "ESP"]
[Source "lmi"]
[SourceDate "2016.01.11"]

1. e4 d6 2. d4 Nf6 3. Nc3 e5 4. d5 Be7 5. f4 exf4 6. Bxf4 O-O 7. Nf3 Nbd7 8.
Be2 Re8 9. O-O Bf8 10. Nd2 Nc5 11. Bf3 a5 12. Bg5 g6 13. Nc4 Bd7 14. Qd4 Bg7
15. e5 h6 16. exf6 hxg5 17. fxg7 b5 18. Ne3 Re5 19. Bg4 f5 20. Be2 Qe7 21. Bxb5
Rxe3 22. Bxd7 Nxd7 23. Nb5 Re2 24. Qc3 Qe3+ 25. Qxe3 Rxe3 26. Rfe1 Rae8 27.
Rxe3 Rxe3 28. Nxc7 Re2 29. Rc1 Kxg7 30. Ne8+ Kf7 31. Nxd6+ Ke7 32. Nc4 Nf6 33.
d6+ Kd7 34. Nxa5 Kxd6 35. Nc4+ Kc5 36. b3 Ne4 37. Kf1 Rf2+ 38. Kg1 g4 39. a4 f4
40. a5 Kb5 41. Ra1 Ka6 42. b4 Rxc2 43. b5+ Kxb5 44. Na3+ 1-0

[Event "Madrid ch Veteranos 2015-2016"]
[Site "Madrid ESP"]
[Date "2016.01.15"]
[Round "5.26"]
[White "Canseco Arenas, Alfonso"]
[Black "Arroyo Fraile, Mario"]
[Result "1-0"]
[WhiteElo "1690"]
[BlackElo "1530"]
[PlyCount "79"]
[EventDate "2016.01.11"]
[EventType "swiss"]
[EventRounds "9"]
[EventCountry "ESP"]
[Source "lmi"]
[SourceDate "2016.01.11"]

1. e4 c5 2. Nf3 Nc6 3. d4 cxd4 4. Nxd4 e6 5. Nc3 Bb4 6. Nxc6 bxc6 7. Bd2 Nf6 8.
e5 Bxc3 9. Bxc3 Nd5 10. Bd2 O-O 11. Qg4 f5 12. Qg3 f4 13. Qg4 Rf5 14. c4 Rxe5+
15. Be2 Nb6 16. Bxf4 Rf5 17. Bd3 Rf7 18. O-O Qf6 19. Bd6 Qxb2 20. Qe4 g6 21.
Be5 Qb4 22. Rae1 Qf8 23. Bd4 Qd6 24. g3 c5 25. Be5 Qf8 26. Ba1 d6 27. a4 e5 28.
a5 Bb7 29. Qe2 Nd7 30. Qb2 Rb8 31. Qc3 Nf6 32. f4 Nh5 33. fxe5 dxe5 34. Rxf7
Qxf7 35. Qxe5 Nf6 36. Qxb8+ Kg7 37. Rf1 Qd7 38. Bxf6+ Kf7 39. Bg5+ Kg7 40. Qf8#
1-0

[Event "Madrid ch Veteranos 2015-2016"]
[Site "Madrid ESP"]
[Date "2016.01.15"]
[Round "5.27"]
[White "Martin Rodriguez, Jose Luis"]
[Black "Beekhof Harmsen, Willen"]
[Result "0-1"]
[WhiteElo "1313"]
[BlackElo "1644"]
[PlyCount "136"]
[EventDate "2016.01.11"]
[EventType "swiss"]
[EventRounds "9"]
[EventCountry "ESP"]
[Source "lmi"]
[SourceDate "2016.01.11"]

1. e4 g6 2. Nf3 Bg7 3. Nc3 d6 4. d4 a6 5. Be2 b5 6. O-O Bb7 7. Bd3 Nf6 8. e5
dxe5 9. dxe5 Ng4 10. Re1 e6 11. h3 Nh6 12. Bg5 Qd7 13. Ne4 Ng8 14. Nc5 Qc8 15.
Nxb7 Qxb7 16. Nd4 h6 17. Be4 c6 18. Bf4 Ne7 19. Re2 O-O 20. Qd2 Nf5 21. Nxf5
exf5 22. Bf3 g5 23. Bh2 Qe7 24. Qd6 Qxd6 25. exd6 f4 26. Rd1 Ra7 27. Re7 Nd7
28. Bxc6 Rd8 29. g3 Bf6 30. Re2 Ne5 31. Be4 Rad7 32. gxf4 gxf4 33. Bxf4 Rxd6
34. Rxd6 Rxd6 35. Bxh6 Bh4 36. Be3 Nc4 37. Bf4 Rd1+ 38. Kg2 Nxb2 39. Rd2 Re1
40. Rd4 Bf6 41. Rb4 Nc4 42. Bd5 Be7 43. Rb3 Na5 44. Rg3+ Kf8 45. Bd2 Re2 46.
Bxa5 Rxc2 47. Rf3 f6 48. Rg3 Bc5 49. Rg8+ Ke7 50. Rg7+ Kd6 51. Bb3 Rxf2+ 52.
Kg3 Rf1 53. h4 Rg1+ 54. Kf4 Rxg7 55. Kf5 Bd4 56. Bb4+ Kc6 57. Ke6 Rh7 58. Bd5+
Kb6 59. Be1 a5 60. Be4 Rh8 61. Bf5 Re8+ 62. Kd5 Rxe1 63. Kxd4 Rh1 64. Kd5 Rxh4
65. Ke6 Rh2 66. Kxf6 Rxa2 67. Ke5 Rd2 68. Be6 a4 0-1

[Event "Madrid ch Veteranos 2015-2016"]
[Site "Madrid ESP"]
[Date "2016.01.15"]
[Round "5.28"]
[White "Ballesteros Jimenez, Miguel Angel"]
[Black "Rufo Yebra, Benito"]
[Result "1-0"]
[WhiteElo "1603"]
[BlackElo "1450"]
[PlyCount "87"]
[EventDate "2016.01.11"]
[EventType "swiss"]
[EventRounds "9"]
[EventCountry "ESP"]
[Source "lmi"]
[SourceDate "2016.01.11"]

1. e4 d6 2. d4 e6 3. Nf3 h6 4. Nc3 a6 5. Be3 Be7 6. Bc4 b5 7. Bb3 Bb7 8. O-O
Nf6 9. e5 Ne4 10. Qe1 d5 11. Nxe4 dxe4 12. Nd2 a5 13. c3 a4 14. Bc2 b4 15. Nxe4
Ba6 16. Bxa4+ Nd7 17. Bc6 Rb8 18. Rd1 Bxf1 19. Qxf1 bxc3 20. bxc3 Ba3 21. Nc5
O-O 22. Nxd7 Rb6 23. Nxb6 cxb6 24. Qa6 Be7 25. a4 Qc7 26. Qb7 Rc8 27. Qxc7 Rxc7
28. Bb5 Rxc3 29. Rc1 Ra3 30. g3 f5 31. Rc6 Kf7 32. Rxb6 g5 33. Bd7 f4 34. gxf4
gxf4 35. Bxf4 h5 36. Rxe6 Rxa4 37. Bxa4 Kxe6 38. Kg2 Kf5 39. Kf3 h4 40. Bd7+
Kg6 41. d5 Kg7 42. d6 Bd8 43. e6 Kf6 44. Bg5+ 1-0

[Event "Madrid ch Veteranos 2015-2016"]
[Site "Madrid ESP"]
[Date "2016.01.15"]
[Round "5.30"]
[White "Fernandez Bujarrabal, Pedro V"]
[Black "Perez Ramos, Miguel Angel"]
[Result "1-0"]
[WhiteElo "1582"]
[BlackElo "1259"]
[PlyCount "99"]
[EventDate "2016.01.11"]
[EventType "swiss"]
[EventRounds "9"]
[EventCountry "ESP"]
[Source "lmi"]
[SourceDate "2016.01.11"]

1. e4 e5 2. Nf3 d6 3. d4 exd4 4. Qxd4 Nc6 5. Qd1 Be7 6. Nc3 Nf6 7. Be3 O-O 8.
h3 a6 9. Bd3 Be6 10. Qd2 Nh5 11. g4 Nf6 12. O-O-O d5 13. e5 Nd7 14. Nd4 Nxd4
15. Bxd4 Bg5 16. Be3 Bxe3 17. fxe3 Nxe5 18. Be2 c6 19. Qd4 f6 20. e4 dxe4 21.
Nxe4 Qxd4 22. Rxd4 Bxa2 23. b3 Rad8 24. Rhd1 Rxd4 25. Rxd4 b5 26. Kb2 Bxb3 27.
cxb3 h6 28. b4 Re8 29. Nc5 Ra8 30. Nb3 Re8 31. Kc3 Kf8 32. Nc5 Ra8 33. Nd7+
Nxd7 34. Rxd7 Re8 35. Kd3 Ra8 36. Bf3 Rc8 37. Rd6 c5 38. bxc5 Rxc5 39. Rxa6 b4
40. Kd4 Rc3 41. Bg2 Rc2 42. Bd5 Rc3 43. h4 Rg3 44. Ra8+ Ke7 45. Rg8 Rxg4+ 46.
Kc5 Rxh4 47. Rxg7+ Kf8 48. Rf7+ Ke8 49. Kd6 Kd8 50. Rf8# 1-0

[Event "Madrid ch Veteranos 2015-2016"]
[Site "Madrid ESP"]
[Date "2016.01.15"]
[Round "5.32"]
[White "Folgar Lopez, Angel"]
[Black "Sanchez Lucena, Juan"]
[Result "0-1"]
[WhiteElo "1550"]
[BlackElo "1440"]
[PlyCount "104"]
[EventDate "2016.01.11"]
[EventType "swiss"]
[EventRounds "9"]
[EventCountry "ESP"]
[Source "lmi"]
[SourceDate "2016.01.11"]

1. d4 d5 2. Nf3 Nf6 3. Bf4 e6 4. e3 c5 5. h3 a6 6. c3 Qb6 7. Qb3 Qd8 8. Qd1 Nc6
9. Bd3 c4 10. Bc2 Ne7 11. Nbd2 Ng6 12. Bh2 Be7 13. O-O b5 14. Rc1 Bd7 15. a3 a5
16. Re1 b4 17. axb4 axb4 18. e4 b3 19. Bb1 Bc6 20. e5 Ng8 21. Nf1 Nh4 22. Ng3
g6 23. Nf1 Bg5 24. Nxg5 Qxg5 25. Bg3 Nh6 26. Qd2 Qxd2 27. Nxd2 N4f5 28. Bf4 Ng8
29. Bxf5 gxf5 30. Re3 Ne7 31. Bg5 Ng6 32. Bf6 Rg8 33. Rg3 Kf8 34. Nf3 Nf4 35.
Rxg8+ Kxg8 36. Rd1 Nd3 37. Be7 Ra2 38. Ba3 Nxb2 39. Bxb2 Rxb2 40. Ra1 Ra2 41.
Rb1 Rc2 42. Ne1 Rxc3 43. Rb2 Kg7 44. Kf1 Ba4 45. Ke2 Rc2+ 46. Nxc2 bxc2 47. Kd2
c3+ 48. Kc1 cxb2+ 49. Kxb2 f6 50. f4 fxe5 51. fxe5 Kg6 52. g3 Kg5 0-1

[Event "Madrid ch Veteranos 2015-2016"]
[Site "Madrid ESP"]
[Date "2016.01.18"]
[Round "6.1"]
[White "Gil Sierra, Jacinto"]
[Black "Elissalt Cardenas, Hector"]
[Result "0-1"]
[WhiteElo "1938"]
[BlackElo "2358"]
[PlyCount "92"]
[EventDate "2016.01.11"]
[EventType "swiss"]
[EventRounds "9"]
[EventCountry "ESP"]
[Source "lmi"]
[SourceDate "2016.01.11"]

1. e4 g6 2. d4 Bg7 3. c3 c6 4. Nf3 d5 5. exd5 cxd5 6. Bb5+ Bd7 7. Qe2 Bxb5 8.
Qxb5+ Qd7 9. Qxd7+ Nxd7 10. Bf4 f6 11. O-O Kf7 12. Re1 e6 13. Na3 a6 14. Re2
Nh6 15. Rae1 Rhe8 16. Nc2 Bf8 17. Nb4 Ng8 18. Nd3 h6 19. h4 h5 20. Kh2 Nh6 21.
Kh3 Nf5 22. Rg1 Rac8 23. g4 hxg4+ 24. Kxg4 Rc6 25. Bg3 Bh6 26. Rge1 Ng7 27.
Ng5+ Bxg5 28. hxg5 f5+ 29. Kf3 Nh5 30. Rh1 Rcc8 31. Ree1 Rh8 32. Rh4 Rhg8 33.
Be5 b6 34. Reh1 a5 35. Bd6 Rc6 36. Bg3 Rcc8 37. Re1 Rc6 38. Be5 Rcc8 39. Nf4
Nxe5+ 40. Rxe5 Nxf4 41. Rh7+ Rg7 42. Rxg7+ Kxg7 43. Kxf4 Kf7 44. Re2 Rh8 45. c4
dxc4 46. Ke5 Rd8 0-1

[Event "Madrid ch Veteranos 2015-2016"]
[Site "Madrid ESP"]
[Date "2016.01.18"]
[Round "6.2"]
[White "Casares Ripoll, Fernando"]
[Black "Pastor Alonso de Prado, Alberto Emilio"]
[Result "1-0"]
[WhiteElo "2133"]
[BlackElo "2115"]
[PlyCount "45"]
[EventDate "2016.01.11"]
[EventType "swiss"]
[EventRounds "9"]
[EventCountry "ESP"]
[Source "lmi"]
[SourceDate "2016.01.11"]

1. e4 e6 2. d3 d5 3. Nd2 b6 4. g3 dxe4 5. dxe4 Nf6 6. Bg2 Bb7 7. Qe2 Nc6 8. c3
a5 9. f4 Ba6 10. Qf3 e5 11. Ne2 h5 12. h3 Qd6 13. Nb3 a4 14. Nbd4 Rd8 15. Be3
exd4 16. e5 Nxe5 17. fxe5 Qxe5 18. Bxd4 Qxe2+ 19. Qxe2+ Bxe2 20. Bc6+ Ke7 21.
Kxe2 a3 22. Kf3 Kd6 23. Bxf6 1-0

[Event "Madrid ch Veteranos 2015-2016"]
[Site "Madrid ESP"]
[Date "2016.01.18"]
[Round "6.3"]
[White "Viñas Lopez, Carlos"]
[Black "Vukotic Jovsic, Dragan"]
[Result "0-1"]
[WhiteElo "1903"]
[BlackElo "1947"]
[PlyCount "160"]
[EventDate "2016.01.11"]
[EventType "swiss"]
[EventRounds "9"]
[EventCountry "ESP"]
[Source "lmi"]
[SourceDate "2016.01.11"]

1. d4 d5 2. c4 e6 3. Nc3 Be7 4. Nf3 Nf6 5. cxd5 exd5 6. Bg5 c6 7. Qc2 O-O 8. e3
Be6 9. Bd3 Nbd7 10. h3 Re8 11. O-O h6 12. Bf4 Nb6 13. a4 a5 14. Rfc1 Bd6 15.
Ne2 Qc7 16. Bxd6 Qxd6 17. Ng3 Qd7 18. Ne5 Qc8 19. Nf5 Qc7 20. Qe2 Nbd7 21. Nxd7
Qxd7 22. Qf3 Ne4 23. g4 Nd2 24. Qd1 Ne4 25. Qf3 g6 26. Ng3 f5 27. gxf5 Bxf5 28.
Nxf5 Qxf5 29. Qxf5 gxf5 30. Bxe4 Rxe4 31. Kh2 f4 32. Rg1+ Kf7 33. Ra3 Rae8 34.
Rb3 fxe3 35. Rxb7+ R8e7 36. Rxe7+ Rxe7 37. fxe3 Rxe3 38. Rc1 Re2+ 39. Kg3 Rxb2
40. Rxc6 Rb4 41. Rc5 Rxd4 42. Rxa5 h5 43. Ra6 h4+ 44. Kf3 Ke7 45. a5 Ra4 46.
Rh6 Rxa5 47. Rxh4 Kf6 48. Rh6+ Ke5 49. Rh5+ Kd4 50. Ke2 Kc3 51. Kd1 Ra1+ 52.
Ke2 Ra2+ 53. Kd1 d4 54. Rc5+ Kd3 55. Kc1 Ra1+ 56. Kb2 Rh1 57. Rh5 Kd2 58. Rg5
Rxh3 59. Rg2+ Kd3 60. Kc1 Rh1+ 61. Kb2 Re1 62. Rg8 Kd2 63. Rd8 d3 64. Rd7 Re8
65. Kb3 Rb8+ 66. Kc4 Rc8+ 67. Kb3 Ke2 68. Re7+ Kd1 69. Rh7 Re8 70. Kc3 d2 71.
Rh1+ Re1 72. Rh2 Re3+ 73. Kb2 Re8 74. Rh1+ Ke2 75. Rh2+ Kd3 76. Rh3+ Re3 77.
Rh1 Re1 78. Rh3+ Ke4 79. Rh4+ Kf3 80. Rh3+ Kg2 0-1

[Event "Madrid ch Veteranos 2015-2016"]
[Site "Madrid ESP"]
[Date "2016.01.18"]
[Round "6.4"]
[White "Lorenzo Bailador, Alfredo"]
[Black "Lopez Ziegler, Carlos"]
[Result "1/2-1/2"]
[WhiteElo "1951"]
[BlackElo "1933"]
[PlyCount "54"]
[EventDate "2016.01.11"]
[EventType "swiss"]
[EventRounds "9"]
[EventCountry "ESP"]
[Source "lmi"]
[SourceDate "2016.01.11"]

1. e4 c5 2. c3 Nf6 3. e5 Nd5 4. d4 cxd4 5. Nf3 e6 6. cxd4 d6 7. Bc4 Nc6 8. O-O
Be7 9. Qe2 O-O 10. Nc3 Nxc3 11. bxc3 dxe5 12. dxe5 Qa5 13. Bd2 Rd8 14. Rfd1 Bd7
15. Qe4 Rac8 16. Bb3 Qc7 17. Bg5 Be8 18. Re1 h6 19. Bc2 Bxg5 20. Qh7+ Kf8 21.
Nxg5 hxg5 22. Qh8+ Ke7 23. Qxg7 Rd5 24. Qxg5+ Kd7 25. Bb3 Qd8 26. Qxd8+ Nxd8
27. Bxd5 exd5 1/2-1/2

[Event "Madrid ch Veteranos 2015-2016"]
[Site "Madrid ESP"]
[Date "2016.01.18"]
[Round "6.5"]
[White "Garcia Gutierrez, Jose"]
[Black "Lopez De Turiso, Jose Angel"]
[Result "0-1"]
[WhiteElo "1907"]
[BlackElo "2083"]
[PlyCount "114"]
[EventDate "2016.01.11"]
[EventType "swiss"]
[EventRounds "9"]
[EventCountry "ESP"]
[Source "lmi"]
[SourceDate "2016.01.11"]

1. Nf3 f5 2. b3 d6 3. Bb2 e5 4. d3 Nf6 5. g3 Be7 6. Bg2 O-O 7. e3 c6 8. O-O h6
9. c4 Be6 10. Nc3 Nbd7 11. Qe2 Qe8 12. Rad1 Qh5 13. Ne1 Ng4 14. h3 Ngf6 15. f4
Rae8 16. Qxh5 Nxh5 17. Kh2 g5 18. Ne2 Kh7 19. d4 exf4 20. exf4 d5 21. cxd5 Bxd5
22. Bxd5 cxd5 23. Nd3 Ba3 24. Rd2 Bxb2 25. Rxb2 Re3 26. Ne5 Re8 27. Rc1 Nxe5
28. dxe5 Re7 29. Rd1 Rd7 30. Rd4 Kg6 31. Rbd2 Kf7 32. Kg2 gxf4 33. Nxf4 Nxf4+
34. gxf4 Ke6 35. R4d3 Rxd3 36. Rxd3 Rc7 37. Kg3 Rc2 38. a3 a5 39. Kh4 b5 40.
Rg3 Rf2 41. Rg6+ Ke7 42. Kg3 Rb2 43. Rxh6 Rxb3+ 44. Kh4 Rxa3 45. Kg5 Rg3+ 46.
Kxf5 a4 47. Rh7+ Kd8 48. e6 a3 49. Kf6 Re3 50. Rd7+ Kc8 51. Rxd5 a2 52. Rd1 b4
53. e7 b3 54. Rd8+ Kc7 55. Ra8 b2 56. Rxa2 b1=Q 57. Ra5 Qb6+ 0-1

[Event "Madrid ch Veteranos 2015-2016"]
[Site "Madrid ESP"]
[Date "2016.01.18"]
[Round "6.7"]
[White "Martin Rodriguez, Emilio"]
[Black "Gonzalez Mateos, Rafael"]
[Result "1/2-1/2"]
[WhiteElo "2142"]
[BlackElo "1986"]
[PlyCount "62"]
[EventDate "2016.01.11"]
[EventType "swiss"]
[EventRounds "9"]
[EventCountry "ESP"]
[Source "lmi"]
[SourceDate "2016.01.11"]

1. d4 Nf6 2. c4 e6 3. Nc3 Bb4 4. e3 d5 5. Nf3 c6 6. Bd3 dxc4 7. Bxc4 b5 8. Bd3
Bb7 9. O-O a6 10. Bd2 Nbd7 11. Nxb5 Be7 12. Nc3 c5 13. Be2 O-O 14. b3 Rc8 15.
a3 g6 16. Be1 cxd4 17. exd4 Qc7 18. h3 Rfd8 19. Qb1 Nb6 20. Qb2 Nbd5 21. Nxd5
Nxd5 22. Bd2 Nc3 23. Bc4 Bxf3 24. Qxc3 Bd5 25. Rfc1 Bxc4 26. bxc4 Bf6 27. Be3
e5 28. Rd1 exd4 29. Bxd4 Bxd4 30. Rxd4 Rxd4 31. Qxd4 Qxc4 1/2-1/2

[Event "Madrid ch Veteranos 2015-2016"]
[Site "Madrid ESP"]
[Date "2016.01.18"]
[Round "6.8"]
[White "Nuñez Muñoz, Jesus"]
[Black "Camarero Izquierdo, Juan Carlos"]
[Result "1-0"]
[WhiteElo "2222"]
[BlackElo "1861"]
[PlyCount "47"]
[EventDate "2016.01.11"]
[EventType "swiss"]
[EventRounds "9"]
[EventCountry "ESP"]
[Source "lmi"]
[SourceDate "2016.01.11"]

1. e4 c5 2. Nf3 d6 3. d4 cxd4 4. Nxd4 Nf6 5. Nc3 a6 6. Be2 e6 7. O-O Be7 8. f4
Nbd7 9. Be3 O-O 10. Qe1 b5 11. Bf3 e5 12. Nf5 Nc5 13. Bxc5 dxc5 14. fxe5 Nd7
15. Qg3 g6 16. Nd5 Bg5 17. h4 gxf5 18. exf5 Kh8 19. hxg5 Rg8 20. f6 Rb8 21.
Rad1 h6 22. Qh4 Qf8 23. Ne7 Nxe5 24. Rd8 1-0

[Event "Madrid ch Veteranos 2015-2016"]
[Site "Madrid ESP"]
[Date "2016.01.18"]
[Round "6.9"]
[White "Serrano Baylin, Francisco"]
[Black "Hernandez Garcia, Carlos"]
[Result "0-1"]
[WhiteElo "1988"]
[BlackElo "1747"]
[PlyCount "86"]
[EventDate "2016.01.11"]
[EventType "swiss"]
[EventRounds "9"]
[EventCountry "ESP"]
[Source "lmi"]
[SourceDate "2016.01.11"]

1. c4 Nf6 2. g3 g6 3. Nc3 Bg7 4. Bg2 O-O 5. e4 d6 6. Nge2 Nc6 7. O-O e5 8. d3
Nd4 9. Nxd4 exd4 10. Ne2 Bg4 11. f3 Bh5 12. Nf4 g5 13. Nxh5 Nxh5 14. f4 Nf6 15.
fxg5 Nd7 16. Bh3 Ne5 17. Bf5 c6 18. Qh5 Ng6 19. Rf4 Re8 20. Rf2 d5 21. Bd2 dxc4
22. Raf1 c3 23. Bc1 c5 24. b3 b5 25. Qe2 c4 26. Bf4 a5 27. h4 cxd3 28. Qxd3 Ne7
29. Bg4 Ng6 30. h5 Nxf4 31. gxf4 b4 32. e5 h6 33. e6 fxe6 34. gxh6 Bxh6 35.
Qg6+ Bg7 36. Bxe6+ Kh8 37. h6 Bf6 38. Bc4 d3 39. Rg2 Re2 40. Qxd3 Rxg2+ 41.
Kxg2 Qxd3 42. Bxd3 Rd8 43. Rf3 Rxd3 0-1

[Event "Madrid ch Veteranos 2015-2016"]
[Site "Madrid ESP"]
[Date "2016.01.18"]
[Round "6.10"]
[White "Marcos Herrero, Francisco"]
[Black "Lopez Heras, Arturo"]
[Result "0-1"]
[WhiteElo "1982"]
[BlackElo "1809"]
[PlyCount "106"]
[EventDate "2016.01.11"]
[EventType "swiss"]
[EventRounds "9"]
[EventCountry "ESP"]
[Source "lmi"]
[SourceDate "2016.01.11"]

1. d4 Nf6 2. c4 g6 3. g3 Bg7 4. Bg2 c5 5. Nf3 O-O 6. Nc3 cxd4 7. Nxd4 Nc6 8.
O-O Nxd4 9. Qxd4 d6 10. Qd3 Nd7 11. e4 Ne5 12. Qe2 Bg4 13. f3 Be6 14. Nd5 Rc8
15. Bg5 f6 16. Be3 Nxc4 17. Bxa7 Bxd5 18. exd5 f5 19. Rac1 Qa5 20. Bf2 Qxa2 21.
Rc2 Qb3 22. Rfc1 b5 23. Bf1 Ra8 24. Qe6+ Kh8 25. Bxc4 bxc4 26. Rxc4 Bf6 27. Qe2
Qxb2 28. R1c2 Qb7 29. Bd4 Bxd4+ 30. Rxd4 Qb6 31. Qf2 Ra1+ 32. Kg2 Rfa8 33. Re2
R8a7 34. Rc4 Qxf2+ 35. Kxf2 Kg7 36. Rc8 R1a2 37. Rcc2 Rxc2 38. Rxc2 Kf6 39. f4
g5 40. Rd2 h6 41. Kf3 Ra3+ 42. Kf2 g4 43. Ke2 h5 44. Kf2 h4 45. Kg2 Rb3 46. Kf2
Rf3+ 47. Kg2 Kf7 48. Rd1 Ke8 49. Rd2 Kd7 50. Rd1 h3+ 51. Kg1 Ra3 52. Kf2 Ra2+
53. Kg1 Rb2 0-1

[Event "Madrid ch Veteranos 2015-2016"]
[Site "Madrid ESP"]
[Date "2016.01.18"]
[Round "6.11"]
[White "Cabañas Bravo, Juan Andres"]
[Black "Martin Martin, Luis Vicente"]
[Result "1-0"]
[WhiteElo "1957"]
[BlackElo "1967"]
[PlyCount "81"]
[EventDate "2016.01.11"]
[EventType "swiss"]
[EventRounds "9"]
[EventCountry "ESP"]
[Source "lmi"]
[SourceDate "2016.01.11"]

1. e4 c5 2. Nf3 Nc6 3. d4 cxd4 4. Nxd4 g6 5. Nc3 Bg7 6. Be3 Nf6 7. Bc4 Qa5 8.
Qd2 Qb4 9. Nxc6 Qxc4 10. Ne5 Qc7 11. Nd3 d6 12. f3 Bd7 13. O-O-O b5 14. g4 a5
15. g5 Nh5 16. Nd5 Qc6 17. Nb6 Rd8 18. Qxa5 O-O 19. Nb4 Qb7 20. Nxd7 Ra8 21.
Qb6 Qxd7 22. a3 Rfc8 23. Rd5 Rab8 24. Qa6 Ra8 25. Qxb5 Qc7 26. Kb1 e6 27. Rd2
Rxa3 28. Bb6 Rca8 29. Na6 Qb7 30. bxa3 Rxa6 31. Rxd6 Bf8 32. Rc6 Rxa3 33. Rd1
Qa8 34. Kc1 Rxf3 35. Ba5 Be7 36. h4 h6 37. Rd7 Ba3+ 38. Kb1 Kh7 39. Rd8 Qa7 40.
Rcc8 hxg5 41. Rh8+ 1-0

[Event "Madrid ch Veteranos 2015-2016"]
[Site "Madrid ESP"]
[Date "2016.01.18"]
[Round "6.12"]
[White "Campos Calvo-Sotelo, Juan"]
[Black "Sotoca Aguado, Jose"]
[Result "1-0"]
[WhiteElo "1849"]
[BlackElo "1952"]
[PlyCount "73"]
[EventDate "2016.01.11"]
[EventType "swiss"]
[EventRounds "9"]
[EventCountry "ESP"]
[Source "lmi"]
[SourceDate "2016.01.11"]

1. b4 e5 2. a3 d5 3. e3 Nf6 4. c4 c6 5. Bb2 Bd6 6. Nf3 Qe7 7. Nc3 d4 8. Ne2 d3
9. Ng3 e4 10. Nd4 O-O 11. Ndf5 Bxf5 12. Nxf5 Qe6 13. Nxd6 Qxd6 14. g4 a5 15. g5
Nfd7 16. Bg2 f6 17. gxf6 Nxf6 18. Qb3 Nbd7 19. O-O-O c5 20. b5 Nb6 21. Kb1 Rae8
22. f3 exf3 23. Bxf3 Ne4 24. Rhg1 Rf7 25. Bxe4 Rxe4 26. Qc3 Ree7 27. Rg3 Na4
28. Qxa5 Nxb2 29. Kxb2 g6 30. Rdg1 Rf2 31. h4 Qf6+ 32. Kb3 b6 33. Qc3 Qf5 34.
Rg5 Qe4 35. h5 Re6 36. hxg6 hxg6 37. R1g4 1-0

[Event "Madrid ch Veteranos 2015-2016"]
[Site "Madrid ESP"]
[Date "2016.01.18"]
[Round "6.13"]
[White "Lopez Peral, Enrique"]
[Black "Rueda Maria, Ramiro"]
[Result "0-1"]
[WhiteElo "1827"]
[BlackElo "1904"]
[PlyCount "60"]
[EventDate "2016.01.11"]
[EventType "swiss"]
[EventRounds "9"]
[EventCountry "ESP"]
[Source "lmi"]
[SourceDate "2016.01.11"]

1. d4 Nf6 2. Nf3 g6 3. c4 c5 4. Nc3 cxd4 5. Nxd4 Bg7 6. g3 Nc6 7. Bg2 O-O 8.
O-O a6 9. h3 Rb8 10. Bf4 d6 11. Bg5 Nxd4 12. Qxd4 Be6 13. Rac1 Qa5 14. Bd2 Qh5
15. h4 Rfc8 16. b3 Bg4 17. f3 Be6 18. Bg5 h6 19. Bxf6 Bxf6 20. Qd3 Qa5 21. a4
Qb6+ 22. Kh2 Qxb3 23. Nd5 Qb2 24. Rc2 Qe5 25. f4 Qh5 26. Nxf6+ exf6 27. Qxd6
Qa5 28. Ra1 Rd8 29. Qe7 Kg7 30. c5 Rd7 0-1

[Event "Madrid ch Veteranos 2015-2016"]
[Site "Madrid ESP"]
[Date "2016.01.18"]
[Round "6.14"]
[White "Alvarez Escudero, Manuel"]
[Black "Caballero Cuno, Jose Domingo"]
[Result "0-1"]
[WhiteElo "1820"]
[BlackElo "1914"]
[PlyCount "62"]
[EventDate "2016.01.11"]
[EventType "swiss"]
[EventRounds "9"]
[EventCountry "ESP"]
[Source "lmi"]
[SourceDate "2016.01.11"]

1. e4 c5 2. Nf3 e6 3. b3 Nf6 4. e5 Nd5 5. c4 Nb6 6. d4 cxd4 7. Nxd4 a6 8. Bd3
d5 9. O-O Bc5 10. Bb2 dxc4 11. Bxc4 Nxc4 12. bxc4 O-O 13. Na3 b6 14. Nac2 Bb7
15. Qg4 Qc7 16. Nf3 Nd7 17. Rad1 Rfd8 18. Rfe1 Rac8 19. h4 Be7 20. h5 Qxc4 21.
Ncd4 Bd5 22. h6 g6 23. Ng5 Qxa2 24. Re2 Qc4 25. Rc1 Qd3 26. Rxc8 Rxc8 27. Re3
Qb1+ 28. Kh2 Qxb2 29. Ndxe6 fxe6 30. Nxe6 Qxf2 31. Rg3 Nxe5 0-1